000 00584cam a22001934a 4500
005 20250605164402.0
008 250528s ||||||||||||||||||||||||d
035 _a24636
040 _aGR-AtMCL
_bgre
_dGR-AtMCL
_eAACR2
245 1 _aArnout Daamen CEO, Damen Shipyards Group / Global Ship-Building Report
260 _c2020
300 _a96
520 _aCourse Adjustments, The Great Awakening, Chain Reaction, They Don't Ring a Bell.
700 1 _aMunoz Tony
_99497
942 _cCR
710 2 _aThe Maritime Executive
_99838
999 _c9504
_d9504